[Event "Sakktoto op 19th"]
[Site "Fuzesabony"]
[Date "2002.03.16"]
[Round "3"]
[White "Szekeres, Sandor"]
[Black "Simon, Zsuzsanna"]
[Result "0-1"]
[WhiteElo "2145"]
[BlackElo "2041"]
[PlyCount "68"]
[EventDate "2002.03.??"]
[EventType "swiss"]
[EventRounds "7"]
[EventCountry "HUN"]
[SourceTitle "EXT 2004"]
[Source "ChessBase"]
[SourceDate "2003.11.25"]
[SourceVersion "1"]
[SourceVersionDate "2003.11.25"]
[SourceQuality "1"]

1. e4 e6 2. Qe2 Nf6 3. d3 d5 4. g3 b6 5. Bg2 Bb7 6. e5 Ng8 7. Nf3 Nc6 8. c3 Qd7 9. Nbd2 Nh6 10. Nb3 Nf5 11. g4 Nh6 12. h3 0-0-0 13. a4 Kb8 14. a5 Re8 15. Nfd4 f6 16. Nxc6+ Bxc6 17. axb6 axb6 18. Nd4 Nf7 19. exf6 gxf6 20. c4 Bb7 21. Bd2 Nd6 22. b4 e5 23. Nf5 Nxf5 24. gxf5 e4 25. dxe4 dxe4 26. c5 Rg8 27. cxb6 Rxg2 28. bxc7+ Kc8 29. Rd1 e3 30. Bxe3 Bxb4+ 31. Kf1 Qxf5 32. Qc4 Qe4 33. Rd4 Rxf2+ 34. Bxf2 Qxh1+ 0-1

[Event "HUN-chT2 0102"]
[Site "Hungary"]
[Date "2002.02.10"]
[Round "7"]
[White "Simon, Zsuzsanna"]
[Black "Juhasz, Jozsef"]
[Result "1/2-1/2"]
[WhiteElo "2021"]
[BlackElo "2214"]
[PlyCount "142"]
[EventDate "2001.??.??"]
[EventType "team"]
[EventRounds "11"]
[EventCountry "HUN"]
[SourceTitle "EXT 2004"]
[Source "ChessBase"]
[SourceDate "2003.11.25"]
[SourceVersion "1"]
[SourceVersionDate "2003.11.25"]
[SourceQuality "1"]

1. d4 Nf6 2. Nc3 d5 3. Bg5 Bf5 4. Bxf6 exf6 5. e3 c6 6. Bd3 Bxd3 7. Qxd3 Be7 8. Nge2 0-0 9. 0-0-0 Na6 10. g4 Qa5 11. Kb1 b5 12. Nc1 Nc7 13. h4 Qb6 14. Rdg1 Qb7 15. g5 Qc8 16. gxf6 Bxf6 17. N3e2 Kh8 18. Nf4 Ne8 19. Nb3 Be7 20. Nd2 Bd6 21. Nh5 g6 22. Ng3 Bxg3 23. Rxg3 Nf6 24. e4 dxe4 25. Nxe4 Nxe4 26. Qxe4 Qe6 27. Qf4 Rae8 28. Re3 Qf5 29. Qxf5 gxf5 30. Rhe1 Rxe3 31. Rxe3 Rg8 32. c3 Rg4 33. Re7 Kg7 34. Rxa7 Rxh4 35. b3 Rf4 36. a4 bxa4 37. bxa4 h5 38. Re7 h4 39. Re3 Re4 40. Rh3 Kf6 41. a5 Kg5 42. Kb2 Re2+ 43. Kb3 Rxf2 44. a6 Re2 45. a7 Re8 46. Rh1 Ra8 47. Ra1 h3 48. Kc4 Kh4 49. Kc5 h2 50. Kb6 f4 51. Kb7 Rxa7+ 52. Kxa7 f3 53. c4 f2 54. d5 cxd5 55. cxd5 Kg3 56. d6 Kg2 57. d7 h1Q 58. Rxh1 Kxh1 59. d8Q f1Q 60. Qh4+ Kg2 61. Qg4+ Kf2 62. Kb6 Ke3 63. Kc5 f5 64. Qd4+ Kf3 65. Qd5+ Kg4 66. Qg8+ Kf4 67. Qb8+ Ke3 68. Qe5+ Kd3 69. Qd4+ Kc2 70. Qc4+ Qxc4+ 71. Kxc4 Kd2 1/2-1/2

[Event "HUN-chT2 0102"]
[Site "Hungary"]
[Date "2002.01.27"]
[Round "6"]
[White "Vargyas, Zoltan"]
[Black "Simon, Zsuzsanna"]
[Result "0-1"]
[WhiteElo "2085"]
[BlackElo "2021"]
[PlyCount "124"]
[EventDate "2001.??.??"]
[EventType "team"]
[EventRounds "11"]
[EventCountry "HUN"]
[SourceTitle "EXT 2004"]
[Source "ChessBase"]
[SourceDate "2003.11.25"]
[SourceVersion "1"]
[SourceVersionDate "2003.11.25"]
[SourceQuality "1"]

1. d4 Nf6 2. c4 Nc6 3. Nf3 e6 4. Nc3 Bb4 5. e3 Bxc3+ 6. bxc3 0-0 7. Bd3 d6 8. h3 Re8 9. e4 e5 10. 0-0 exd4 11. cxd4 Nxe4 12. Re1 Nf6 13. Bg5 Bd7 14. Qd2 Ne7 15. Bxf6 gxf6 16. Rab1 b6 17. Qf4 Ng6 18. Rxe8+ Bxe8 19. Qh6 Qe7 20. Nh4 Qf8 21. Qh5 Bd7 22. Rb3 Re8 23. Bf5 Bxf5 24. Nxf5 c5 25. dxc5 dxc5 26. Rg3 Kh8 27. h4 Nf4 28. Qg4 Ne2+ 29. Kh2 Nxg3 30. Qxg3 Re5 31. Qf4 Rxf5 32. Qxf5 Qd6+ 33. g3 Qd4 34. h5 Qe5 35. Qg4 Qg5 36. Qh3 h6 37. f4 Qg8 38. Qd7 Qh7 39. Qd8+ Kg7 40. Qd7 Qe4 41. Qg4+ Kh7 42. Qh4 Qxc4 43. Qxf6 Qxa2+ 44. Kg1 Qe6 45. Qc3 c4 46. Kf2 b5 47. Qc2+ Kg8 48. f5 Qb6+ 49. Ke2 Qd4 50. Qc1 Kh7 51. f6 Qd3+ 52. Kf2 c3 53. Qa3 Qd4+ 54. Ke2 b4 55. Qb3 Kg8 56. Qa4 Qe4+ 57. Kd1 Qd3+ 58. Ke1 Qxg3+ 59. Ke2 Qe5+ 60. Kd3 a5 61. Qc6 Qf5+ 62. Kd4 Kh7 0-1